Loading...
Science - Biology | 0 | 5 | 0 | 0 | 50 | 79 | 101.00 | 0 | 1 |
History - European History | 1 | 1 | 0 | 0 | 25 | 61 | 63.50 | 0 | 2 |
Science - Other Science | 0 | 2 | 0 | 0 | 20 | 100 | 102.00 | 0 | 0 |
Science - Chemistry | 0 | 2 | 0 | 2 | 20 | 128 | 128.50 | 0 | 1 |
Social Science | 0 | 2 | 1 | 1 | 15 | 101 | 114.00 | 0 | 0 |
Beliefs | 0 | 1 | 0 | 0 | 10 | 110 | 110.00 | 0 | 1 |
Current Events | 0 | 1 | 0 | 0 | 10 | 104 | 104.00 | 0 | 1 |
Fine Arts - Other Arts | 0 | 1 | 0 | 0 | 10 | 98 | 98.00 | 0 | 0 |
Philosophy | 0 | 1 | 0 | 0 | 10 | 95 | 95.00 | 1 | 1 |
Science - Physics | 0 | 0 | 0 | 0 | 0 | 0.00 | 0 | 0 | |
Literature - World Literature | 0 | 0 | 1 | 0 | -5 | 0.00 | 0 | 0 | |
History - World History | 0 | 0 | 1 | 0 | -5 | 0.00 | 0 | 0 | |
Visual Arts | 0 | 0 | 1 | 0 | -5 | 0.00 | 0 | 0 | |
History - American History | 0 | 0 | 2 | 0 | -10 | 0.00 | 0 | 0 |